00330 a2200109 4500001001000000005001700010008004100027245005900068100001800127773005800145999001700203ART_1133020260410161856.0260409a 10aEconomía de mercado versus planeamiento "indicativo"1 aTagle, Manuel0 tRevista de Economíag- Nº 34 (sep. 1982)wREV11077 c25473d25473